00905nam a2200217 a 4500001001000000003000500010005001700015008004100032010001100073011001100084040000900095100003200104245016000136260004000296500006000336502010400396650004400500650003700544650003600581856007000617000113426CHAP20220329144353.0170622s2016 mx sm |||||||spa d a109887 a110859 cCHAP1 aSánchez Sánchez, Javier13aLa gestión comunitaria del agua en la unidad de riego San Nicolás, San Cristóbal de las Casas, Chiapash[En línea]cpor Javier Sánchez Sánchez. aChiapas, Méx. :bEl autor,c2016. aPara ver el contenido del material haga clic en la liga aTesis (M.C. en Desarrollo Rural Regional) -- UACH. Dirección de Centros Regionales Universitarios14aAgua en agriculturaxAspectos sociales.14aAgua para irrigaciónzChiapas.14aEjidosxAguaxAdministración. aFinding aiduhttp://10.13.5.2/tesis/sist113426.pdfzTeclea aquí